[Event "TUR-chT"]
[Site "Ankara"]
[Date "2022.08.24"]
[Round "9.1"]
[White "Lobanov, Sergei"]
[Black "Mammadov, Zaur Fazahir Oglu"]
[Result "1-0"]
[WhiteElo "2531"]
[BlackElo "2391"]
[PlyCount "67"]
[EventDate "2022.08.16"]
[EventType "team-tourn"]
[EventRounds "13"]
[EventCountry "TUR"]
[SourceTitle "CBM 209 Extra"]
[Source "ChessBase"]
[SourceDate "2022.09.30"]
[SourceVersion "1"]
[SourceVersionDate "2022.09.30"]
[SourceQuality "1"]
[WhiteTeam "Tas Duvar"]
[BlackTeam "Rota Koleji Dernegi"]
[WhiteTeamCountry "TUR"]
[BlackTeamCountry "TUR"]

1. e4 e6 2. d4 d5 3. Nc3 Nf6 4. Bg5 Be7 5. e5 Nfd7 6. h4 h6 7. Bxe7 Qxe7 8. Qd2 a6 9. f4 c5 10. Nf3 Nc6 11. dxc5 Nxc5 12. 0-0-0 b5 13. Bd3 Bb7 14. Ne2 0-0 15. Ned4 b4 16. Kb1 Nxd4 17. Nxd4 a5 18. Qe3 f5 19. h5 a4 20. g4 Ne4 21. gxf5 exf5 22. Rdg1 b3 23. a3 Ba6 24. Rg6 Bxd3 25. cxd3 Nc3+ 26. bxc3 Qxa3 27. Rh2 Rfb8 28. Qg1 Rb7 29. Rhg2 Kh8 30. Nb5 Rxb5 31. Rxg7 Rbb8 32. R7g6 Kh7 33. Rxh6+ Kxh6 34. Rg6+ 1-0

[Event "TUR-chT"]
[Site "Ankara"]
[Date "2022.08.19"]
[Round "4.3"]
[White "Mammadov, Zaur Fazahir Oglu"]
[Black "Romanov, Evgeny"]
[Result "1-0"]
[WhiteElo "2391"]
[BlackElo "2570"]
[PlyCount "125"]
[EventDate "2022.08.16"]
[EventType "team-tourn"]
[EventRounds "13"]
[EventCountry "TUR"]
[SourceTitle "CBM 209 Extra"]
[Source "ChessBase"]
[SourceDate "2022.09.30"]
[SourceVersion "1"]
[SourceVersionDate "2022.09.30"]
[SourceQuality "1"]
[WhiteTeam "Rota Koleji Dernegi"]
[BlackTeam "Deniz Su Aquamatch"]
[WhiteTeamCountry "TUR"]
[BlackTeamCountry "TUR"]

1. e4 e6 2. d4 d5 3. exd5 exd5 4. c4 Nc6 5. Nf3 Bg4 6. Be2 dxc4 7. 0-0 Bd6 8. Bxc4 Qd7 9. d5 Bxf3 10. Qxf3 Ne5 11. Qe2 0-0-0 12. Bb5 Qf5 13. Nc3 Nf6 14. h3 Ng6 15. Be3 Nf4 16. Qf3 g5 17. Rfe1 h5 18. Bxf4 Qxf4 19. Qxf4 gxf4 20. Rad1 Rhg8 21. Rd3 Rg5 22. Rf3 Rdg8 23. Bf1 h4 24. Nb5 Bb4 25. Rc1 Nxd5 26. Rb3 a5 27. a3 Be7 28. Na7+ Kd7 29. Rxb7 f3 30. Nb5 Bd6 31. Nxd6 Kxd6 32. Rd1 Kc6 33. Rb3 fxg2 34. Bb5+ Kc5 35. Rc1+ Kd6 36. Rf3 Ke6 37. Bc4 Re5 38. Rf4 c5 39. Rxh4 Ke7 40. Bxd5 Rxd5 41. Rg4 Rxg4 42. hxg4 Kd6 43. Rc2 Rd3 44. Kxg2 Kd5 45. f3 c4 46. Kg3 a4 47. g5 Kd4 48. Kg4 Rd1 49. Rh2 Kd3 50. Rh8 Rg1+ 51. Kf4 c3 52. bxc3 Kxc3 53. Rf8 Kb3 54. Rxf7 Kxa3 55. Kf5 Kb3 56. Rb7+ Kc2 57. Ra7 Kb3 58. g6 a3 59. g7 a2 60. Kf6 Kb2 61. f4 Rg3 62. Rxa2+ Kxa2 63. f5 1-0

[Event "TUR-chT"]
[Site "Ankara"]
[Date "2022.08.18"]
[Round "3.4"]
[White "Solak, Dragan"]
[Black "Mammadov, Zaur Fazahir Oglu"]
[Result "1-0"]
[WhiteElo "2594"]
[BlackElo "2391"]
[PlyCount "63"]
[EventDate "2022.08.16"]
[EventType "team-tourn"]
[EventRounds "13"]
[EventCountry "TUR"]
[SourceTitle "CBM 209 Extra"]
[Source "ChessBase"]
[SourceDate "2022.09.30"]
[SourceVersion "1"]
[SourceVersionDate "2022.09.30"]
[SourceQuality "1"]
[WhiteTeam "Bayegan Pendik"]
[BlackTeam "Rota Koleji Dernegi"]
[WhiteTeamCountry "TUR"]
[BlackTeamCountry "TUR"]

1. e4 e6 2. d4 d5 3. Nc3 Nf6 4. Bg5 Be7 5. e5 Nfd7 6. h4 h6 7. Bxe7 Qxe7 8. f4 0-0 9. Nf3 c5 10. Qd2 Nc6 11. 0-0-0 a6 12. dxc5 Qxc5 13. g4 b5 14. g5 h5 15. g6 fxg6 16. Bd3 Nb6 17. Rdg1 Ne7 18. Bxg6 Nc4 19. Qd3 Rxf4 20. Nd1 Bd7 21. Bh7+ Kh8 22. Rg5 Be8 23. Rhg1 Ra7 24. Rxg7 Nf5 25. Rxa7 Qxa7 26. Bxf5 Rxf5 27. Nd4 Rf4 28. Nxe6 Nxb2 29. Qd2 Qxg1 30. Qxf4 Qxd1+ 31. Kxb2 Kh7 32. Qf8 1-0

[Event "Chess.com Rapid Wk23 Swiss"]
[Site "Chess.com INT"]
[Date "2022.07.30"]
[Round "3"]
[White "Kovalev, Vladislav"]
[Black "Mammadov, Zaur Fazahir Oglu"]
[Result "1-0"]
[WhiteElo "2623"]
[BlackElo "2391"]
[PlyCount "61"]
[EventDate "2022.07.30"]
[EventType "swiss (rapid)"]
[EventRounds "9"]
[EventCountry "USA"]
[SourceTitle "CBM 209 Extra"]
[Source "ChessBase"]
[SourceDate "2022.09.30"]
[SourceVersion "1"]
[SourceVersionDate "2022.09.30"]
[SourceQuality "1"]

1. e4 c6 2. Nf3 d5 3. d3 Bg4 4. Be2 dxe4 5. dxe4 Qxd1+ 6. Kxd1 Nd7 7. Ne1 Bxe2+ 8. Kxe2 e5 9. Nd2 0-0-0 10. a4 Ngf6 11. f3 Nc5 12. Nc4 Nfd7 13. Be3 Kb8 14. b4 Ne6 15. c3 g6 16. Nd3 Bg7 17. b5 c5 18. Rhd1 f5 19. g3 Rhf8 20. a5 fxe4 21. fxe4 Nf6 22. Nxc5 Nxc5 23. Bxc5 Rfe8 24. Rxd8+ Rxd8 25. Bd6+ Kc8 26. Bxe5 Rf8 27. Nd6+ Kd7 28. Nxb7 Re8 29. Rd1+ Ke6 30. Bd4 Rb8 31. a6 1-0

[Event "Chess.com Rapid Wk23 Swiss"]
[Site "Chess.com INT"]
[Date "2022.07.30"]
[Round "2"]
[White "Steinberg, Nitzan"]
[Black "Mammadov, Zaur Fazahir Oglu"]
[Result "1-0"]
[WhiteElo "2542"]
[BlackElo "2391"]
[PlyCount "57"]
[EventDate "2022.07.30"]
[EventType "swiss (rapid)"]
[EventRounds "9"]
[EventCountry "USA"]
[SourceTitle "CBM 209 Extra"]
[Source "ChessBase"]
[SourceDate "2022.09.30"]
[SourceVersion "1"]
[SourceVersionDate "2022.09.30"]
[SourceQuality "1"]

1. e4 e6 2. d4 d5 3. exd5 exd5 4. Nf3 Nc6 5. Bb5 Bd6 6. c4 dxc4 7. 0-0 Nge7 8. Bxc4 0-0 9. h3 Nb4 10. Nc3 c6 11. Bg5 b5 12. Bb3 Bf5 13. a3 Na6 14. Re1 Nc7 15. Ne5 Bxe5 16. Rxe5 Be6 17. Bxe6 Nxe6 18. Bxe7 Qxe7 19. d5 cxd5 20. Nxd5 Qb7 21. Qf3 Kh8 22. Rh5 h6 23. Qe3 Rfd8 24. Nf6 g5 25. Qe5 Qb8 26. Qf5 Kg7 27. Rxh6 Qb7 28. Rh7+ Kf8 29. Qxe6 1-0

[Event "Nakhchivan op"]
[Site "Nakhchivan"]
[Date "2022.05.10"]
[Round "4"]
[White "Mammadov, Zaur Fazahir Oglu"]
[Black "Hasanov, Rashad"]
[Result "0-1"]
[WhiteElo "2410"]
[BlackElo "2142"]
[PlyCount "98"]
[EventDate "2022.05.08"]
[EventType "swiss"]
[EventRounds "9"]
[EventCountry "AZE"]
[SourceTitle "EXT 2023"]
[Source "ChessBase"]
[SourceDate "2022.10.05"]
[SourceVersion "1"]
[SourceVersionDate "2022.10.05"]
[SourceQuality "1"]

1. e4 e5 2. Nf3 Nf6 3. Nc3 Bb4 4. Bd3 0-0 5. 0-0 Re8 6. a3 Bxc3 7. dxc3 d5 8. Bg5 dxe4 9. Bxf6 Qxf6 10. Bxe4 Nd7 11. b4 Qf4 12. Re1 Nf6 13. g3 Qh6 14. Qd3 Nxe4 15. Qxe4 f6 16. Qc4+ Be6 17. Qxc7 Rac8 18. Qxb7 Rxc3 19. Nh4 g5 20. Ng2 Qg7 21. Qb5 Qd7 22. Qxd7 Bxd7 23. Ne3 Be6 24. Red1 Kf7 25. g4 h5 26. h3 hxg4 27. hxg4 Rh8 28. Kg2 Bc8 29. Kg3 f5 30. gxf5 Bxf5 31. Kf3 Rh3+ 32. Ke2 Be4 33. Rd7+ Ke6 34. Rxa7 Rcxe3+ 35. fxe3 Rh2+ 36. Kd1 Rh1+ 37. Kd2 Rxa1 38. c4 g4 39. Rg7 Bf3 40. b5 Rxa3 41. b6 Ra8 42. c5 Kf6 43. Rh7 Rd8+ 44. Kc3 Kg6 45. Rh2 g3 46. Rh3 g2 47. Rg3+ Kh5 48. Kb4 Kh4 49. Rg7 Bg4 0-1